|
|
|
|
| LEADER |
00752cam a2200205 7i4500 |
| 001 |
0000045057 |
| 005 |
20170218090000.0 |
| 020 |
|
|
|a 9781592536023 (pbk.)
|
| 020 |
|
|
|a 1592536026 (pbk.)
|
| 090 |
0 |
0 |
|a NC1001
|b .K45 2010
|
| 100 |
1 |
|
|a Keller, Maura
|
| 245 |
1 |
0 |
|a Portfolios 01 :
|b an essential primer for today's competitive market
|c Maura Keller.
|
| 260 |
|
|
|a Beverly, Mass.:
|b Rockport Publishers,
|c 2010.
|
| 300 |
|
|
|a 191 p.:
|b ill. col.;
|c 26 cm.
|
| 490 |
0 |
|
|a Design matters
|
| 650 |
0 |
0 |
|a Design services --
|x Marketing
|
| 650 |
0 |
0 |
|a Graphic arts --
|x Marketing
|
| 650 |
0 |
0 |
|a Art portfolios --
|x Design
|
| 997 |
|
|
|a Communication, Visual Art & Computing, Faculty
|b Visual Art, Department
|
| 999 |
|
|
|a 0000052377
|b BOK
|c OPEN SHELF
|e 1st Floor, Bestari Jaya
|